[Event "Mechanics' Fall TNM; 30/90, SD/30"]
[Site "San Francisco"]
[Date "2009.11.24"]
[Round "6.8"]
[White "Argishti, Dante"]
[Black "Trestor, David"]
[Result "1-0"]
[WhiteElo "2032"]
[BlackElo "1656"]
[PlyCount "107"]
[EventDate "2009.??.??"]

1. c4 Nf6 2. Nf3 g6 3. Nc3 d5 4. e3 Bg7 5. cxd5 Nxd5 6. Bc4 Nb6 7. Bb3 e5 8.
Qe2 O-O 9. a3 Nc6 10. O-O Re8 11. Ne4 Be6 12. Bxe6 Rxe6 13. Nc5 Rf6 14. b4 e4
15. Nxe4 Rxf3 16. gxf3 Bxa1 17. d4 Nxd4 18. exd4 Qxd4 19. Qa2 Qg7 20. Bg5 Bd4
21. Rd1 h6 22. Bxh6 Bxf2+ 23. Qxf2 Qxh6 24. Nf6+ Kg7 25. Qd4 Qg5+ 26. Ng4+ f6
27. Qc5 f5 28. Re1 Kf7 29. Qxc7+ Kf8 30. Qd6+ Kf7 31. Qe6+ Kf8 32. Qe5 Kf7 33.
Kh1 Qh4 34. Rc1 Rc8 35. Rc7+ Rxc7 36. Qxc7+ Ke6 37. Qe5+ Kf7 38. Qf4 Ke6 39.
Qe3+ Kd6 40. Qe5+ Kd7 41. Nf6+ Kd8 42. Qe8+ Kc7 43. Qe7+ Kc8 44. Nd5 Qxe7 45.
Nxe7+ Kd7 46. Nxg6 Ke6 47. Kg2 Nd5 48. Kg3 Kf6 49. Nf4 Ne7 50. h4 b5 51. Kf2
Ke5 52. Ke3 Ng8 53. h5 a6 54. Nd3+ 1-0

[Event "Mechanics' Fall TNM; 30/90, SD/30"]
[Site "San Francisco"]
[Date "2009.12.01"]
[Round "7.10"]
[White "Askin, David"]
[Black "Andries, Craig"]
[Result "0-1"]
[WhiteElo "1749"]
[BlackElo "1932"]
[PlyCount "100"]
[EventDate "2009.??.??"]

1. Nf3 Nf6 2. c4 d6 3. Nc3 g6 4. g3 Bg7 5. Bg2 e5 6. O-O O-O 7. d3 c6 8. Rb1 a5
9. a3 Re8 10. Bg5 h6 11. Bxf6 Bxf6 12. b4 axb4 13. axb4 d5 14. Qc2 Be6 15. cxd5
cxd5 16. Rfc1 Bg7 17. Nd2 f5 18. Nb3 Bf7 19. Nd1 Re7 20. Qc8 Nc6 21. Qxd8+ Nxd8
22. Ne3 e4 23. b5 Ra2 24. Rc8 Re8 25. Kf1 Be6 26. Rc2 Rxc2 27. Nxc2 Nf7 28. Nc5
Bc8 29. d4 Nd6 30. e3 Nc4 31. Ke1 g5 32. Bf1 Nd6 33. Be2 Rd8 34. b6 Kf7 35. Na3
f4 36. exf4 Bxd4 37. Na4 Bd7 38. Bb5 Nxb5 39. Nxb5 Bxb5 40. Rxb5 gxf4 41. Nc5
fxg3 42. hxg3 Bxc5 43. Rxc5 Rd7 44. Kd2 Ke6 45. Ke3 Ke5 46. Ke2 Rd6 47. Rb5 Rc6
48. Ke3 h5 49. Ke2 Kd4 50. Rb1 Rc2+ {
both scoresheets stopped recording at this point. Black later won.} 0-1

[Event "Mechanics' Fall TNM; 30/90, SD/30"]
[Site "San Francisco"]
[Date "2009.10.20"]
[Round "1.25"]
[White "Askin, David"]
[Black "Capdeville, Barry"]
[Result "1-0"]
[WhiteElo "1749"]
[BlackElo "1131"]
[PlyCount "49"]
[EventDate "2009.??.??"]

1. e4 e5 2. Nf3 Nf6 3. Nxe5 d6 4. Nxf7 Kxf7 5. d4 c5 6. Bc4+ d5 7. exd5 Bd6 8.
O-O cxd4 9. Qxd4 Bf5 10. Bb3 Qc7 11. c4 Be5 12. Qh4 Qd6 13. Nc3 a6 14. Be3 Nbd7
15. Na4 b6 16. f4 Bxb2 17. Nxb2 Nc5 18. Bd4 h5 19. Be5 Qd8 20. Qg5 Bg6 21. f5
Bh7 22. Rae1 Nce4 23. Rxe4 Nxe4 24. Qxg7+ Ke8 25. Qxh8+ 1-0

[Event "Mechanics' Fall TNM; 30/90, SD/30"]
[Site "San Francisco"]
[Date "2009.11.03"]
[Round "3.19"]
[White "Askin, David"]
[Black "Chamberlain, Ethan"]
[Result "1-0"]
[WhiteElo "1749"]
[BlackElo "1360"]
[PlyCount "95"]
[EventDate "2009.??.??"]

1. Nf3 d5 2. d4 e6 3. c4 c6 4. Nc3 Bd6 5. Qc2 Nd7 6. e4 dxe4 7. Nxe4 Be7 8. Bd3
Ngf6 9. Nxf6+ Nxf6 10. O-O O-O 11. Bg5 h6 12. Bh4 g5 13. Bg3 g4 14. Ne5 Nh5 15.
Nxg4 Nxg3 16. hxg3 h5 17. Ne5 Qxd4 18. Nf3 Qg7 19. Rfe1 Kh8 20. Qe2 f5 21. Ne5
Qg5 22. Qf3 Kg7 23. Be2 Rh8 24. Rad1 Bf6 25. Nxc6 Bxb2 26. Nd4 e5 27. Nb5 e4
28. Qb3 Qf6 29. Rd6 Qe5 30. Rb1 a6 31. Rd5 Qf6 32. Nc7 Bd4 33. Rxd4 Qxd4 34.
Nxa8 b5 35. cxb5 Qa7 36. Qc3+ Kh7 37. Qc7+ Qxc7 38. Nxc7 axb5 39. Nxb5 Kg6 40.
a4 Rd8 41. Ra1 Ba6 42. Nc3 Rd6 43. Bxa6 Rxa6 44. a5 Kf6 45. Nd5+ Ke5 46. Nc7
Ra7 47. a6 Kf6 48. Nb5 1-0

[Event "Mechanics' Spring TNM; 30/90, SD/30"]
[Site "San Francisco"]
[Date "2009.05.05"]
[Round "8.14"]
[White "Askin, David"]
[Black "Chirila, Sergiu"]
[Result "1-0"]
[WhiteElo "1768"]
[BlackElo "1932"]
[PlyCount "93"]
[EventDate "2009.??.??"]

1. e4 e5 2. Nf3 Nc6 3. Bb5 a6 4. Ba4 Be7 5. O-O Nf6 6. Re1 b5 7. Bb3 Na5 8.
Nxe5 Nxb3 9. axb3 Bb7 10. d3 d5 11. exd5 Qxd5 12. Nf3 Qf5 13. Qe2 Ng8 14. Nd4
Qg6 15. Nf3 O-O-O 16. Bf4 Bd6 17. Bxd6 Rxd6 18. Nbd2 Nf6 19. Qe5 Rd5 20. Qg3
Qh6 21. Re7 Rd7 22. Rxd7 Nxd7 23. Re1 Qf6 24. d4 g6 25. Qg4 Qd8 26. Ne5 f5 27.
Qf4 Re8 28. Ndf3 Bxf3 29. Qxf3 Nxe5 30. Rxe5 Rxe5 31. Qa8+ Kd7 32. Qxd8+ Kxd8
33. dxe5 f4 34. g3 f3 35. Kf1 Ke7 36. Ke1 Ke6 37. Kd2 Kxe5 38. Ke3 c5 39. Kxf3
a5 40. Ke3 a4 41. bxa4 bxa4 42. c4 g5 43. g4 Kf6 44. Ke4 Ke6 45. h3 h6 46. f3
Kd7 47. Kd5 1-0

[Event "Mechanics' Winter TNM; 30/90, SD/30"]
[Site "San Francisco"]
[Date "2009.01.20"]
[Round "3.11"]
[White "Askin, David"]
[Black "Gray, William"]
[Result "1/2-1/2"]
[WhiteElo "1714"]
[BlackElo "2081"]
[PlyCount "63"]
[EventDate "2009.??.??"]

1. Nf3 Nc6 2. c4 e5 3. Nc3 Nf6 4. d3 Bb4 5. Bd2 O-O 6. g3 d5 7. cxd5 Nxd5 8.
Bg2 Nde7 9. O-O Bg4 10. a3 Bd6 11. b4 Qd7 12. Re1 f5 13. Qb3+ Kh8 14. Ng5 Nd8
15. Nd5 h6 16. Nxe7 Bxe7 17. Nf3 Bf6 18. Bc3 Qe7 19. b5 Nf7 20. Rac1 Nd6 21.
Qb2 Rae8 22. Rc2 e4 23. Bxf6 Rxf6 24. dxe4 fxe4 25. Nd4 Ref8 26. e3 h5 27. Rec1
R8f7 28. a4 h4 29. Rxc7 Qxc7 30. Rxc7 Rxc7 31. Ne2 hxg3 32. hxg3 1/2-1/2

[Event "Mechanics' Fall TNM; 30/90, SD/30"]
[Site "San Francisco"]
[Date "2009.12.08"]
[Round "8.13"]
[White "Askin, David"]
[Black "Klinetobe, David"]
[Result "0-1"]
[WhiteElo "1749"]
[BlackElo "2043"]
[PlyCount "106"]
[EventDate "2009.??.??"]

1. d4 Nf6 2. c4 e6 3. Nf3 b6 4. g3 Ba6 5. b3 Bb7 6. Bg2 Bb4+ 7. Bd2 a5 8. O-O
O-O 9. a3 Be7 10. Bc3 Ne4 11. Bb2 a4 12. b4 d5 13. Nfd2 f5 14. Qc2 Bf6 15. e3
Bg5 16. Nc3 Nxc3 17. Qxc3 Bf6 18. Qc2 g6 19. Rac1 Rf7 20. Nb1 c6 21. Rfd1 Ba6
22. cxd5 cxd5 23. Qxa4 Raa7 24. b5 Bc8 25. Qc2 Rfc7 26. Qd2 Bd7 27. Rxc7 Rxc7
28. a4 Qc8 29. Rc1 Be7 30. Rxc7 Qxc7 31. Qc1 Qa7 32. Qc2 Kf7 33. Ba3 Bxa3 34.
Nxa3 Be8 35. Qb3 Nd7 36. Nc2 Nf6 37. Nb4 Qc7 38. Qc2 Qd6 39. Nc6 Bxc6 40. bxc6
Qc7 41. Bf1 Ng8 42. Bb5 Ne7 43. f3 Nc8 44. e4 Ne7 45. exd5 Nxd5 46. Qe2 Ke7 47.
Qd2 Nf6 48. Qh6 Kf7 49. Kf2 Qd6 50. Qd2 Qc7 51. Qe3 g5 52. Qd2 g4 53. fxg4 Ne4+
0-1

[Event "Mechanics' Spring TNM; 30/90, SD/30"]
[Site "San Francisco"]
[Date "2009.03.24"]
[Round "2.19"]
[White "Askin, David"]
[Black "Nelson, Christopher"]
[Result "0-1"]
[WhiteElo "1768"]
[BlackElo "1420"]
[PlyCount "126"]
[EventDate "2009.??.??"]

1. Nf3 f5 2. e4 fxe4 3. Ng5 Nf6 4. d3 e3 5. Bxe3 e6 6. Nc3 Be7 7. d4 d5 8. Bd3
O-O 9. Qe2 Nc6 10. f4 Nb4 11. O-O-O e5 12. fxe5 Bg4 13. Nf3 Nxd3+ 14. cxd3 Nh5
15. Rhf1 Nf4 16. Qd2 Ne6 17. h3 Bxf3 18. gxf3 c6 19. f4 c5 20. dxc5 d4 21. Ne4
dxe3 22. Qxe3 Nxc5 23. d4 Nxe4 24. Qxe4 Qc8+ 25. Kb1 Qxh3 26. d5 Qf5 27. Qxf5
Rxf5 28. d6 Bh4 29. Rc1 Bg3 30. d7 Rff8 31. e6 Bh4 32. Rc4 Be7 33. Rfc1 Rad8
34. Rc8 g6 35. Rxd8 Rxd8 36. Rc7 Kg7 37. Rxb7 Kf6 38. Rxa7 Kxe6 39. Ra5 Rxd7
40. Re5+ Kf7 41. Re2 h5 42. a4 Rd4 43. b3 Rxf4 44. Kc2 Bb4 45. Re5 h4 46. a5 h3
47. Re3 Rh4 48. Rf3+ Kg7 49. Rf1 Bxa5 50. Kd3 h2 51. Rh1 Bc7 52. Ke2 Kf6 53.
Kf2 Kf5 54. Kg2 g5 55. Rf1+ Kg6 56. Kh1 g4 57. b4 g3 58. Rc1 Bf4 59. Rc6+ Kf5
60. b5 Kg4 61. b6 Kh3 62. Rg6 Rh7 63. b7 Re7 0-1

[Event "Mechanics' Winter TNM; 30/90, SD/30"]
[Site "San Francisco"]
[Date "2009.02.24"]
[Round "8.14"]
[White "Askin, David"]
[Black "Ramachandran, Jayakrishnan"]
[Result "1-0"]
[WhiteElo "1714"]
[BlackElo "1811"]
[PlyCount "108"]
[EventDate "2009.??.??"]

1. e4 e5 2. Nf3 Nc6 3. Bb5 a6 4. Ba4 Nf6 5. O-O b5 6. Bb3 Be7 7. Re1 d6 8. c3
O-O 9. h3 Na5 10. Bc2 c5 11. d4 Qc7 12. Nbd2 Re8 13. Nf1 Bf8 14. Bg5 Nd7 15.
Ne3 Nb6 16. Rc1 h6 17. Bh4 Nac4 18. Nxc4 Nxc4 19. b3 Na3 20. Bd3 c4 21. Bf1 Bb7
22. d5 Rec8 23. Qd2 a5 24. Qb2 Qc5 25. b4 axb4 26. cxb4 c3 27. Qb3 Qc7 28. Re3
c2 29. Nd2 f5 30. f3 f4 31. Rd3 Ra6 32. Qb2 Rca8 33. Rc3 Qd7 34. Bd3 g5 35. Bf2
Be7 36. Bxc2 Bd8 37. Bb3 h5 38. Nb1 Nxb1 39. Qxb1 g4 40. hxg4 hxg4 41. Kf1 g3
42. Bg1 Qh7 43. R1c2 Qh1 44. Rc7 R6a7 45. R2c6 Bxc6 46. Rxc6 Ra6 47. Qc2 Bb6
48. Rxb6 Rxb6 49. Qc7 Rab8 50. Qe7 R8b7 51. Qg5+ Kf7 52. Qf5+ Ke7 53. Qg5+ Kd7
54. Qg7+ Kc8 1-0

[Event "Mechanics' Winter TNM; 30/90, SD/30"]
[Site "San Francisco"]
[Date "2009.02.10"]
[Round "6.17"]
[White "Askin, David"]
[Black "Rudzevich, Brian"]
[Result "1-0"]
[WhiteElo "1714"]
[BlackElo "976"]
[PlyCount "65"]
[EventDate "2009.??.??"]

1. d4 d5 2. c4 e6 3. Nf3 h6 4. Nc3 Nf6 5. e3 Bb4 6. Qc2 Bd7 7. Bd3 dxc4 8. Bxc4
Ne4 9. Qxe4 Bc6 10. Qg4 Qf6 11. O-O Bxf3 12. Qxf3 Qxf3 13. gxf3 a6 14. a3 Be7
15. e4 Nc6 16. Be3 O-O-O 17. d5 Ne5 18. Be2 Bg5 19. f4 Bf6 20. fxe5 Bxe5 21. f4
Bf6 22. e5 Be7 23. Rfd1 g5 24. dxe6 gxf4 25. Rxd8+ Rxd8 26. Bxf4 Bc5+ 27. Kg2
fxe6 28. Bxh6 Rg8+ 29. Kf3 Bd4 30. Ke4 Bf2 31. Rf1 Rg2 32. Bf3 Rxh2 33. Bf4 1-0

[Event "Mechanics' Winter TNM; 30/90, SD/30"]
[Site "San Francisco"]
[Date "2009.01.06"]
[Round "1.2"]
[White "Askin, David"]
[Black "Shakhnazarov, Oleg"]
[Result "0-1"]
[WhiteElo "1714"]
[BlackElo "2163"]
[PlyCount "60"]
[EventDate "2009.??.??"]

1. c4 e6 2. Nf3 c5 3. g3 Nc6 4. Bg2 d5 5. cxd5 exd5 6. d4 c4 7. O-O Nf6 8. Nc3
Be7 9. Bg5 O-O 10. b3 Qa5 11. Bd2 Bb4 12. Qc2 b5 13. a3 Bxc3 14. Bxc3 Bf5 15.
Qd2 Qb6 16. Rfd1 Ne4 17. Qe1 cxb3 18. Nh4 Nxc3 19. Qxc3 Bc2 20. Rd2 Rac8 21.
Qb2 Na5 22. Bxd5 Rfd8 23. Nf5 Bxf5 24. e4 Nc4 25. Bxf7+ Kxf7 26. Qxb3 Bxe4 27.
Re2 Qxd4 28. Rae1 Bc6 29. Qb1 Kg8 30. Qf5 Qd5 0-1

[Event "Mechanics' Spring TNM; 30/90, SD/30"]
[Site "San Francisco"]
[Date "2009.04.21"]
[Round "6.16"]
[White "Askin, David"]
[Black "Star, Spencer"]
[Result "1-0"]
[WhiteElo "1768"]
[BlackElo "1097"]
[PlyCount "111"]
[EventDate "2009.??.??"]

1. Nf3 Nf6 2. c4 c5 3. d4 cxd4 4. Nxd4 Nc6 5. Nb5 a6 6. N5c3 g6 7. g3 Bg7 8.
Bg2 O-O 9. O-O d6 10. Re1 Rb8 11. b3 Ne5 12. Bb2 b5 13. cxb5 axb5 14. Nd2 b4
15. Nce4 Nxe4 16. Nxe4 Bb7 17. f4 Nf3+ 18. Bxf3 Bxb2 19. Rb1 Bc3 20. Nxc3 Bxf3
21. exf3 bxc3 22. Qc2 Rc8 23. Re3 Qb6 24. Qd3 Rc7 25. Kg2 e6 26. Rc1 Rfc8 27.
Re2 d5 28. Rec2 d4 29. h4 h5 30. Rd1 Rd8 31. g4 f5 32. Rg1 Ra7 33. Kh3 Qa6 34.
Qxa6 Rxa6 35. Rd1 Rc6 36. Rd3 Kf7 37. g5 Ke7 38. Kg2 Rc5 39. Kf2 e5 40. fxe5
Rxe5 41. Rd1 Rd6 42. Kf1 Ke6 43. Kf2 Kd5 44. Rxc3 f4 45. Rcd3 Kc5 46. Rc1+ Kb4
47. Rc4+ Kb5 48. Rcxd4 Rxd4 49. Rxd4 Kc6 50. Rxf4 Re6 51. Rf6 Rd6 52. Rxd6+
Kxd6 53. a4 Kc6 54. Ke3 Kb6 55. Ke4 Ka5 56. f4 1-0

[Event "Mechanics' Spring TNM; 30/90, SD/30"]
[Site "San Francisco"]
[Date "2009.04.07"]
[Round "4.20"]
[White "Askin, David"]
[Black "Yamamoto, Craig"]
[Result "1-0"]
[WhiteElo "1768"]
[BlackElo "1553"]
[PlyCount "73"]
[EventDate "2009.??.??"]

1. Nf3 Nf6 2. c4 c6 3. Nc3 d5 4. d4 e6 5. e3 Nbd7 6. Qc2 b6 7. Bd2 Bb7 8. O-O-O
Be7 9. g4 O-O 10. Rg1 Qc7 11. g5 Nh5 12. cxd5 cxd5 13. Bd3 g6 14. Nh4 Qxh2 15.
Nxg6 fxg6 16. Bxg6 hxg6 17. Qxg6+ Ng7 18. Rh1 Ne5 19. dxe5 Qxe5 20. Rh7 d4 21.
f4 dxc3 22. fxe5 cxd2+ 23. Kb1 Rf7 24. Rh8+ Kxh8 25. Qxf7 Be4+ 26. Ka1 Rc8 27.
Qf1 Bxg5 28. Rxd2 Bxe3 29. Rd1 Bc2 30. Re1 Bd2 31. Qh3+ Kg8 32. Rh1 Kf7 33. Qg2
Rd8 34. Qb7+ Kg6 35. Rg1+ Kf5 36. Qxg7 Bd3 37. Qf6+ 1-0

[Event "Mechanics' Fall TNM; 30/90, SD/30"]
[Site "San Francisco"]
[Date "2009.11.10"]
[Round "4.24"]
[White "Askin, Michael"]
[Black "Casey, David"]
[Result "1-0"]
[WhiteElo "1699"]
[BlackElo "1345"]
[PlyCount "39"]
[EventDate "2009.??.??"]

1. d4 d5 2. c4 c6 3. Nf3 Nf6 4. Nc3 h6 5. e3 Bf5 6. cxd5 cxd5 7. Ne5 Nc6 8. Bb5
Rc8 9. O-O e6 10. f4 Be7 11. g4 Bg6 12. Nxg6 fxg6 13. Qc2 Kf7 14. Bd3 Nxg4 15.
Qg2 Nf6 16. Bxg6+ Kg8 17. Bd2 Bf8 18. f5 Qd7 19. fxe6 Qe7 20. Bf7+ 1-0

[Event "Mechanics' Winter TNM; 30/90, SD/30"]
[Site "San Francisco"]
[Date "2009.02.03"]
[Round "5.18"]
[White "Askin, Michael"]
[Black "Chirila, Sergiu"]
[Result "1-0"]
[WhiteElo "1257"]
[BlackElo "1734"]
[PlyCount "93"]
[EventDate "2009.??.??"]

1. d4 d5 2. Nf3 Nc6 3. c4 dxc4 4. e3 Bg4 5. Bxc4 e6 6. Nc3 a6 7. O-O Nf6 8. h3
Bh5 9. Re1 Bd6 10. g4 Bg6 11. e4 e5 12. d5 Na5 13. Bf1 b5 14. Bg5 Qd7 15. b4
Bxb4 16. Nxe5 Qd6 17. Nxg6 Nxg4 18. e5 Qxg6 19. Qxg4 Bxc3 20. d6 O-O 21. Re3
Bxa1 22. Bd3 f5 23. exf6 Qf7 24. Re7 Bxf6 25. Rxf7 Rxf7 26. dxc7 Rxc7 27. Bxf6
Rf8 28. Qe6+ Rcf7 29. Bc3 Nb7 30. Be4 Nc5 31. Qd5 Nxe4 32. Qxe4 Rxf2 33. Bd4
R2f4 34. Qe6+ Kh8 35. Bc5 R4f6 36. Qe7 h6 37. Qxf8+ Rxf8 38. Bxf8 Kh7 39. Kf2
Kg8 40. Bb4 Kf7 41. Ke3 Ke6 42. Kd4 g6 43. Kc5 h5 44. Kb6 Kd5 45. Kxa6 g5 46.
Kxb5 g4 47. h4 1-0

[Event "Mechanics' Fall TNM; 30/90, SD/30"]
[Site "San Francisco"]
[Date "2009.10.27"]
[Round "2.26"]
[White "Askin, Michael"]
[Black "Hilliard, Michael"]
[Result "1-0"]
[WhiteElo "1699"]
[BlackElo "1467"]
[PlyCount "29"]
[EventDate "2009.??.??"]

1. d4 d5 2. c4 e6 3. Nf3 c5 4. g3 Nc6 5. cxd5 exd5 6. Bg2 Nf6 7. O-O Be7 8.
dxc5 O-O 9. Qc2 Bg4 10. Rd1 Rc8 11. Nc3 Be6 12. Ng5 Qd7 13. Nxd5 Qd8 14. Nxf6+
Bxf6 15. Qxh7# 1-0

[Event "Mechanics' Winter TNM; 30/90, SD/30"]
[Site "San Francisco"]
[Date "2009.02.17"]
[Round "7.8"]
[White "Askin, Michael"]
[Black "Krasnov, Steven"]
[Result "0-1"]
[WhiteElo "1257"]
[BlackElo "1927"]
[PlyCount "95"]
[EventDate "2009.??.??"]

1. d4 Nf6 2. c4 e6 3. Nf3 d5 4. g3 c6 5. Bg2 Nbd7 6. O-O Be7 7. Nbd2 Qc7 8. b3
O-O 9. Bb2 b6 10. Qc2 Ba6 11. Rfe1 Rac8 12. e4 Bb4 13. a3 Bxd2 14. Nxd2 dxe4
15. Nxe4 Rfe8 16. c5 Nxe4 17. Rxe4 bxc5 18. dxc5 Rcd8 19. Rh4 Nf8 20. Qe4 Rd5
21. Qg4 f5 22. Qh5 Rdd8 23. g4 Be2 24. Qg5 Ng6 25. Rh3 Bxg4 26. Rg3 Be2 27. Re1
f4 28. Rh3 Rd2 29. Bc3 Rd1 30. Rxd1 Bxd1 31. Be4 Qe7 32. Qxe7 Rxe7 33. Ba5 f3
34. Bxc6 Nf4 35. Rxf3 Bxf3 36. Bxf3 Nd5 37. b4 Kf7 38. c6 Ke8 39. b5 Nb6 40.
Bb4 Rf7 41. Bd1 Rf4 42. Bb3 Re4 43. Bc5 Re5 44. Bd6 Rxb5 45. Bxe6 Rg5+ 46. Kf1
Rg6 47. Bd7+ Nxd7 48. cxd7+ 0-1

[Event "Mechanics' Winter TNM; 30/90, SD/30"]
[Site "San Francisco"]
[Date "2009.01.06"]
[Round "1.20"]
[White "Askin, Michael"]
[Black "Leavens, Weston"]
[Result "0-1"]
[WhiteElo "1257"]
[BlackElo "1797"]
[PlyCount "108"]
[EventDate "2009.??.??"]

1. d4 f5 2. g3 g6 3. Bg2 Nf6 4. c4 Bg7 5. Nc3 O-O 6. Nf3 c6 7. O-O d6 8. Qb3
Qb6 9. Qc2 Be6 10. b3 h6 11. Bb2 Nbd7 12. Rfd1 Rad8 13. e4 fxe4 14. Nxe4 Bf5
15. Nxf6+ Bxf6 16. Qd2 Kh7 17. d5 Bg4 18. Re1 Bxb2 19. Qxb2 Rf7 20. Nd4 Ne5 21.
Re3 c5 22. Ne2 Nxc4 23. Qc3 Nxe3 24. Qxe3 Bxe2 25. Qxe2 Rdf8 26. Rf1 Qb4 27.
Qe6 Qd4 28. Be4 Qf6 29. Qg4 Qg5 30. Qe6 Qf6 31. Qg4 Rg7 32. h4 Kh8 33. Kg2 h5
34. Qd7 Qe5 35. f3 e6 36. Qxe6 Qxe6 37. dxe6 Rf6 38. Bd5 b5 39. Re1 Re7 40. Re4
Rf5 41. Bc6 b4 42. g4 hxg4 43. fxg4 Rf8 44. Bd5 Kg7 45. Kg3 Rf1 46. Rf4 Rd1 47.
Bc4 d5 48. Be2 Rd2 49. Bf3 Rxe6 50. h5 Rd3 51. Kf2 gxh5 52. gxh5 Rf6 53. Rg4+
Kh6 54. Rg3 d4 0-1

[Event "Mechanics' Winter TNM; 30/90, SD/30"]
[Site "San Francisco"]
[Date "2009.01.20"]
[Round "3.20"]
[White "Askin, Michael"]
[Black "Ramachandran, Jayakrishnan"]
[Result "0-1"]
[WhiteElo "1257"]
[BlackElo "1811"]
[PlyCount "66"]
[EventDate "2009.??.??"]

1. d4 Nf6 2. Nf3 e6 3. c4 d5 4. g3 Be7 5. Bg2 O-O 6. O-O b6 7. cxd5 exd5 8. Nc3
Bb7 9. Bf4 a6 10. Rc1 Nbd7 11. Ne5 c5 12. Nxd7 Qxd7 13. Qb3 b5 14. dxc5 d4 15.
Bxb7 Qxb7 16. Na4 Ne4 17. c6 Qa7 18. Qc2 f5 19. Qb3+ Kh8 20. Qe6 bxa4 21. c7
Bc5 22. Qd7 d3 23. exd3 Nxf2 24. Rxc5 Nh3+ 25. Kh1 Qxc5 26. d4 Qb5 27. Qxb5
axb5 28. Bd6 Rf6 29. Rc1 Rc8 30. Be5 Nf2+ 31. Kg2 Nd3 32. Bxf6 Nxc1 33. Be7
Rxc7 0-1

[Event "Mechanics' Fall TNM; 30/90, SD/30"]
[Site "San Francisco"]
[Date "2009.11.17"]
[Round "5.13"]
[White "Askin, Michael"]
[Black "Riese, Kayven"]
[Result "1-0"]
[WhiteElo "1699"]
[BlackElo "1863"]
[PlyCount "57"]
[EventDate "2009.??.??"]

1. Nf3 c5 2. g3 Nc6 3. Bg2 e5 4. d3 g6 5. O-O Bg7 6. e4 Nge7 7. Bg5 h6 8. Be3
d6 9. Nc3 O-O 10. Nd2 Nd4 11. a4 Nec6 12. Nd5 a5 13. c3 Ne6 14. Nc4 Ra6 15. f4
f5 16. exf5 exf4 17. fxe6 fxe3 18. Qg4 Rxf1+ 19. Rxf1 Ne5 20. e7 Qe8 21. Qf4
Bf5 22. Be4 Nxd3 23. Qxe3 Bxe4 24. Qxe4 Ne5 25. Nce3 Rc6 26. Ng4 Nxg4 27. Qxg4
Kh8 28. Qe6 Kh7 29. Rf8 1-0

[Event "Mechanics' Fall TNM; 30/90, SD/30"]
[Site "San Francisco"]
[Date "2009.12.15"]
[Round "9.4"]
[White "Askin, Michael"]
[Black "Shakhnazarov, Oleg"]
[Result "0-1"]
[WhiteElo "1699"]
[BlackElo "2200"]
[Annotator "Donaldson"]
[PlyCount "93"]
[EventDate "2009.??.??"]

1. Nf3 Nf6 2. g3 d6 3. Bg2 e5 4. O-O Nc6 5. d3 h6 6. c4 g5 7. Nc3 Be6 8. Rb1
Qd7 9. Re1 Bh3 10. Bh1 Rg8 11. b4 g4 12. Nh4 Nh5 13. e4 Be7 14. Nf5 Bg5 15. d4
exd4 16. Nxd4 Ne5 17. c5 dxc5 18. bxc5 Rd8 19. Bxg5 Rxg5 20. Nce2 b6 21. Qc2
bxc5 22. Nf5 Nd3 23. Red1 Nb4 24. Rxd7 Nxc2 25. Rxd8+ Kxd8 26. Nxh6 Rg6 27.
Nxf7+ Ke7 28. Ne5 Ra6 29. Nc3 Nd4 30. Bg2 Ke6 31. Nd3 Ra5 32. Rb2 c4 33. Nf4+
Nxf4 34. gxf4 Ra3 35. Ne2 c5 36. Rd2 Nxe2+ 37. Rxe2 Rd3 38. Bxh3 gxh3 39. Kf1
c3 40. Ke1 c4 41. Rc2 Kd6 42. Ke2 Kc5 43. f5 Kd4 44. f6 Kxe4 45. f7 Rf3 46.
f8=Q (46. Rxc3 $1) 46... Rxf8 47. Rxc3 {
Black later won in mutual time pressure. Both sides quit keeping score here.}
0-1

[Event "Mechanics' Spring TNM; 30/90, SD/30"]
[Site "San Francisco"]
[Date "2009.04.21"]
[Round "6.19"]
[White "Askin, Michael"]
[Black "Yamamoto, Craig"]
[Result "1-0"]
[WhiteElo "1731"]
[BlackElo "1553"]
[PlyCount "61"]
[EventDate "2009.??.??"]

1. d4 Nf6 2. Nf3 d5 3. c4 e6 4. g3 Bb4+ 5. Bd2 Bxd2+ 6. Nbxd2 b6 7. Bg2 Bb7 8.
O-O O-O 9. Ne5 Nbd7 10. Nd3 c6 11. Qa4 Qb8 12. cxd5 cxd5 13. Rac1 Qd6 14. Nf3
Rfc8 15. Nfe5 a5 16. f3 Ba6 17. Rxc8+ Rxc8 18. b4 Bxd3 19. Nxd3 axb4 20. Nxb4
Rc4 21. Qa8+ Nf8 22. Nd3 Rxd4 23. f4 Ng4 24. Rb1 Ne3 25. Ne5 f6 26. Nf3 Rc4 27.
Bh3 Rc2 28. Nd4 Rd2 29. Nxe6 Rxe2 30. Nxf8 Qxf8 31. Be6+ 1-0

[Event "Mechanics' Winter TNM; 30/90, SD/30"]
[Site "San Francisco"]
[Date "2009.01.13"]
[Round "2.12"]
[White "Bambou, Christophe"]
[Black "Campers, Wilie"]
[Result "1-0"]
[WhiteElo "2035"]
[BlackElo "1709"]
[PlyCount "71"]
[EventDate "2009.??.??"]

1. d4 d5 2. c4 c6 3. Nf3 Nf6 4. e3 Bg4 5. Qb3 Bxf3 6. Qxb7 Nbd7 7. gxf3 e6 8.
Qxc6 Be7 9. c5 O-O 10. Nc3 Rc8 11. Qa4 Ra8 12. Bb5 e5 13. O-O Qc8 14. Bxd7 Nxd7
15. Nxd5 Bh4 16. c6 Nb6 17. Nxb6 axb6 18. Qc4 Qh3 19. dxe5 Be7 20. Qe4 Kh8 21.
Bd2 f5 22. Qf4 b5 23. a3 g5 24. Qg3 Qh6 25. Rac1 f4 26. Qg4 Rac8 27. c7 Qb6 28.
Qd7 Rfe8 29. Rc6 Qa7 30. Rfc1 Bf8 31. e6 Bg7 32. Qxe8+ Rxe8 33. c8=Q Rxc8 34.
Rxc8+ Bf8 35. Rxf8+ Kg7 36. Rf7+ 1-0

[Event "Mechanics' Winter TNM; 30/90, SD/30"]
[Site "San Francisco"]
[Date "2009.02.10"]
[Round "6.2"]
[White "Bambou, Christophe"]
[Black "Gaffagan, Steven"]
[Result "1/2-1/2"]
[WhiteElo "2035"]
[BlackElo "2037"]
[PlyCount "54"]
[EventDate "2009.??.??"]

1. d4 Nf6 2. c4 g6 3. Nc3 Bg7 4. e4 d6 5. Nge2 O-O 6. Ng3 c5 7. d5 e6 8. Be2
exd5 9. exd5 Re8 10. Bf4 h5 11. Bg5 Qb6 12. Qd2 Nbd7 13. h3 Nh7 14. Be3 Ndf6
15. Bd3 Bd7 16. O-O Re7 17. a3 Rae8 18. Rab1 h4 19. Nge2 Nh5 20. b4 Rxe3 21.
fxe3 Bh6 22. Qc2 cxb4 23. Kh1 Nf8 24. Rxb4 Qxe3 25. Rxb7 f5 26. Rxd7 Nxd7 27.
Bxf5 gxf5 1/2-1/2

[Event "Mechanics' Winter TNM; 30/90, SD/30"]
[Site "San Francisco"]
[Date "2009.01.27"]
[Round "4.1"]
[White "Bambou, Christophe"]
[Black "Shipman, Walter"]
[Result "1/2-1/2"]
[WhiteElo "2035"]
[BlackElo "2235"]
[PlyCount "81"]
[EventDate "2009.??.??"]

1. d4 d5 2. c4 e6 3. Nf3 Nf6 4. e3 c6 5. b3 Nbd7 6. Bb2 Bd6 7. Bd3 c5 8. O-O
cxd4 9. exd4 b6 10. Nbd2 Bb7 11. Qe2 O-O 12. Rfe1 Nh5 13. g3 g6 14. Ne5 Bxe5
15. dxe5 Qg5 16. h4 Qe7 17. cxd5 Bxd5 18. Be4 Nc5 19. Bxd5 exd5 20. Rad1 Ne6
21. Nf1 Rad8 22. Qg4 Nhg7 23. Ne3 Qc5 24. b4 Qb5 25. a4 Qxa4 26. Nxd5 Qb3 27.
Nf6+ Kh8 28. Bc1 h5 29. Qe2 Nd4 30. Rxd4 Rxd4 31. Bb2 Rd3 32. e6 Qxe6 33. Qxd3
Qxe1+ 34. Kg2 Rc8 35. Qd4 Qe6 36. Nxh5 f6 37. Nxf6 Nf5 38. Qd2 Qc6+ 39. Kg1 Qc2
40. Nd7+ Kh7 41. Nf6+ 1/2-1/2

[Event "Mechanics' Winter TNM; 30/90, SD/30"]
[Site "San Francisco"]
[Date "2009.02.24"]
[Round "8.6"]
[White "Bambou, Christophe"]
[Black "Todortsev, Victor"]
[Result "1-0"]
[WhiteElo "2035"]
[BlackElo "1921"]
[PlyCount "73"]
[EventDate "2009.??.??"]

1. d4 d5 2. c4 c6 3. Nf3 Nf6 4. e3 e6 5. b3 Bb4+ 6. Nbd2 O-O 7. Bb2 Ne4 8. Bd3
f5 9. O-O Bd7 10. Qc2 Be8 11. a3 Bd6 12. b4 a6 13. Nb3 Nd7 14. Ne5 Qh4 15. f3
Ng5 16. Nc5 Nxc5 17. dxc5 Bc7 18. cxd5 cxd5 19. f4 Nf7 20. Nf3 Qh6 21. Nd4 g5
22. Bxf5 gxf4 23. Nxe6 Be5 24. Bxh7+ Kh8 25. Bxe5+ Nxe5 26. Nxf8 Qxf8 27. Rxf4
Qe7 28. Qf5 Nc4 29. Qxd5 Qxe3+ 30. Kh1 Bb5 31. Raf1 Ne5 32. Rf8+ Rxf8 33. Rxf8+
Kxh7 34. Qg8+ Kh6 35. Rf6+ Kh5 36. Qh7+ Kg4 37. Qf5+ 1-0